Alex: Los Incendios de Roma.

Enregistré dans:
Détails bibliographiques
Format: Livre
Langue:espagnol
Publié: San Sebastián, España : Buru Lan, 1973
Collection:(Alex ; 11)
Sujets:
Tags: Ajouter un tag
Pas de tags, Soyez le premier à ajouter un tag!

MARC

LEADER 00000nam^a2200000^a^4500
001 000022761
005 20250521000000.0
009 20260310084509.527
037 |a Acervo ITESO - Biblioteca 
041 |a ESP 
082 |a 741. 501  |b ALE 
245 1 0 |a Alex: Los Incendios de Roma. 
264 1 |a San Sebastián, España :  |b Buru Lan,  |c 1973 
300 |a 62 p. 
336 |a texto  |b txt  |2 rdacontenido 
337 |a sin mediación  |b n  |2 rdamedio 
338 |a volumen  |b nc  |2 rdasoporte 
440 1 |a (Alex ;  |v 11) 
649 |a XX 
650 |a Medios de Comunicación 
650 |a Historietas y Caricaturas Infantiles 
650 |a Historietas y Caricaturas Españolas 
910 |a Fondo General 
920 |a Impresos - Libros 
930 |a Colección General 
905 |a 101 
901 |a 0227610100  |b IT1  |c ACC  |i 022761  |u 20250521 
902 |a https://opac.biblio.iteso.mx/vufind/Record/000022761